Noun In the Lyrics - Statistics

General Stats
  • This quiz has been taken 24 times
  • The average score is 6 of 18
Answer Stats
Lyrics Noun % Correct
Raspberry _____ / The kind you find in a second hand store Beret
79%
If you like ___ _______, and getting caught in the rain Pina coladas
68%
I said, "Do you speak-a my language?" / He just smiled and gave me a ________ sandwich Vegemite
63%
She's a killer queen / Gunpowder, gelatine / ________ with a laser beam Dynamite
53%
Don't go chasing __________ Waterfalls
53%
Secret _____ man / Secret _____ man Agent
47%
(Under the _________) / Out of the sun Boardwalk
47%
_________ were meant to fly Starships
42%
It's like my ____ stuck on replay iPod
37%
Now that I'm without your kisses / I'll be needing ________ Stitches
32%
Oh, kiss me beneath the milky ________ Twilight
32%
There's booze in the blender / And soon it will render / That frozen __________ that helps me hang on Concoction
21%
Now I'm feeling so fly like a __ G6
21%
Boy, you're an _____ / Your touch so foreign Alien
16%
Baby I can feel your ____ / Pray it won't fade away Halo
11%
I'll keep you by my side with / My superhuman might / __________ Kryptonite
11%
Did you finally get the chance to dance along the light of day / And head back to the _____ ___ Milky Way
11%
Now I'm out and wearing something low-cut / 'Bout to get attention from a _____ __ Grown up
5%
No matching quizzes found
Score Distribution
Percent of People with Each Score
Percentile by Number Answered
Your Score History
You have not taken this quiz